100 biggest US cities - Statistics

General Stats
  • This quiz has been taken 65 times
  • The average score is 44 of 101
Answer Stats
Hint Answer % Correct
4,000,000 Los Angeles
100%
800,000 San Francisco
98%
8,000,000 New York
96%
1,000,000 Dallas
93%
2,000,000 Houston
91%
3,000,000 Chicago
89%
2,000,000 Phoenix
89%
700,000 Seattle
89%
400,000 Miami
87%
1,000,000 San Diego
87%
700,000 Boston
85%
500,000 Colorado Springs
83%
2,000,000 Philadelphia
83%
1,000,000 San Antonio
80%
700,000 Denver
76%
1,000,000 Austin
74%
600,000 Detroit
74%
500,000 Sacramento
74%
500,000 Atlanta
72%
600,000 Portland
72%
1,000,000 San Jose
72%
400,000 Tampa
72%
900,000 Charlotte
70%
1,000,000 Jacksonville
70%
600,000 Las Vegas
70%
400,000 Minneapolis
70%
600,000 Baltimore
67%
400,000 New Orleans
67%
300,000 Orlando
65%
700,000 Washington DC
65%
400,000 Cleveland
63%
900,000 Indianapolis
63%
900,000 Columbus
61%
500,000 Kansas CIty
61%
300,000 St. Louis
61%
700,000 Oklahoma City
57%
700,000 El Paso
54%
300,000 Pittsburgh
54%
300,000 Cincinnati
52%
600,000 Milwaukee
52%
500,000 Raleigh
52%
600,000 Albuquerque
50%
900,000 Fort Worth
50%
600,000 Memphis
50%
700,000 Nashville
50%
300,000 Buffalo
48%
300,000 St. Paul
46%
600,000 Louisville
43%
200,000 Boise
41%
300,000 Newark
41%
400,000 Oakland
41%
500,000 Omaha
41%
300,000 Anaheim
39%
500,000 Fresno
37%
300,000 Honolulu
37%
400,000 Bakersfield
33%
300,000 Jersey City
33%
300,000 Madison
33%
300,000 Reno
30%
200,000 Richmond
30%
500,000 Virginia Beach
30%
400,000 Tulsa
28%
300,000 Anchorage
26%
500,000 Long Beach
26%
500,000 Mesa
26%
300,000 Corpus Christi
24%
300,000 Lincoln
24%
300,000 Riverside
22%
300,000 Winston-Salem
22%
400,000 Aurora
20%
300,000 Lexington
20%
300,000 Toledo
20%
400,000 Arlington
17%
322,000(sorry) Henderson
17%
200,000 Norfolk
17%
200,000 Spokane
17%
300,000 Chula Vista
15%
300,000 Durham
15%
300,000 Santa Ana
15%
300,000 Stockton
15%
500,000 Tuscon
15%
400,000 Wichita
15%
300,000 Chandler
13%
300,000 Irvine
13%
300,000 Laredo
13%
300,000 Lubbock
13%
200,000 Scottsdale
13%
300,000 Greensboro
11%
300,000 North Las Vegas
11%
300,000 Fort Wayne
9%
300,000 Gilbert
9%
200,000 Glendale
9%
300,000 Irving
9%
300,000 Plano
9%
200,000 San Bernardino
9%
300,000 Chesapeake
7%
200,000 Fremont
7%
200,000 Garland
7%
200,000 Goleta
4%
200,000 Santa Clarita
4%
300,000 St Petersbrug
2%
No matching quizzes found
Score Distribution
Percent of People with Each Score
Percentile by Number Answered
Your Score History
You have not taken this quiz